000 00817nam a2200253 i 4500
001 35609
003 BD-RjUL
005 20211209052342.0
008 140528s1980 njua b 001 0 eng d
020 _a0133606023
035 _a(BD-RjUL)35704
040 _aDLC
_cDLC
_dDLC
_dBD-RjUL
_beng
041 _aeng
082 0 0 _a320.80973
_219
_bHEG 1980
100 1 _aHenry, Nicholas,
_d1943-
_916375
245 1 0 _aGoverning at the grassroots :
_bstate and local politics /
_cNicholas Henry.
260 _aEnglewood Cliffs, N.J. :
_bPrentice-Hall,
_cc1980.
300 _aviii, 504 p. :
_bill. ;
_c24 cm.
504 _aIncludes bibliographical references and index.
650 0 _aState governments
_zUnited States.
_916911
650 0 _aLocal government
_zUnited States.
_9108429
942 _2ddc
_cBK
999 _c35609
_d35609